01049nam a2200277 i 450000100060000000300090000600500170001500800390003201500180007103500210008904000350011004600090014508000170015424501660017126000390033730000640037638000170044038800140045750400280047165800280049965000160052765000290054371000540057270000470062685600980067330279KOSZ 00520190827105409.0970510s1994 pl a f |000 0 pol aPB 1995/11576 a(OCoLC)749415144 aWA NcKOSZ 005/HRdKOSZ 005/HR k1994 a621.791/.79500aTechnologiczne podstawy obróbki powierzchniowej :bprace Zespołu Obróbki Powierzchniowej /cpod red. Krzysztofa Tubielewicza ; Politechnika Częstochowska. aCzęstochowa :bWydaw. PC,c1994. a218, [1] s., [1] k. złoż. :bfot., rys., wykr. ;c24 cm. aKsiążki. a1901-2000 aBibliogr. przy pracach. aInżynieria i technika 4aTechnologia 4aInżynieria powierzchni2 aPolitechnika Częstochowska.bWydawnictwo.4pbl.1 aTubielewicz, Krzysztofd(1938- )eRedakcja uhttp://koha.tu.koszalin.pl/cgi-bin/koha/opac-detail.pl?biblionumber=30279yKatalog online BPK